Les films cultes des années 2000 - Statistiques

Statistiques générales
  • Ce quiz a été pris 612 fois
  • Le résultat moyen est 8 sur 10
Statistiques - réponses
Question Réponse % Correct
Quel acteur incarne Harry Potter dans la saga ? Daniel Radcliffe
97%
Quel film d’animation Pixar est sorti en 2004 et met en scène une famille de super-héros ? Les Indestructibles
97%
Dans Avatar (2009), comment s’appelle la planète où vit le peuple Na’vi ? Pandora
93%
Dans Batman Begins (2005), qui joue le rôle de Batman ? Christian Bale
79%
Quel film a remporté l’Oscar du Meilleur Film en 2004 ? Le Seigneur des Anneaux : Le Retour du Roi
78%
Dans quel film de 2003 Jack Sparrow apparaît-il pour la première fois ? Pirates des Caraïbes : La Malédiction du Black Pearl
77%
Dans Inception (2010, tourné à la fin des années 2000), quel objet Dom Cobb utilise-t-il pour savoir s’il rêve ? Une toupie
72%
Dans The Dark Knight : Le Chevalier Noir (2008), quel acteur incarne le Joker ? Heath Ledger
71%
Dans Twilight – Chapitre 1 : Fascination (2008), comment s’appelle le clan de vampires auquel appartient Edward ? Les Cullen
69%
Dans Le Seigneur des Anneaux, quel est le nom de l’anneau unique ? L’Anneau du Pouvoir
54%
Aucun quiz correspondant
Distribution des résultats
% des personnes avec chaque résultat
Percentile par nombre de réponses
Votre historique - résultats
Vous n’avez pas pris ce quiz